The noble scholar, jurist, historian


 His Excellency Dr. Abdul Wahhab bin Ibrahim Abu Sulaiman, may Allah have mercy on him.


 He was born in Umm Al-Qura in the year 1356 AH.

محاضرات ملتقى القيروان مركز علمي مالكي بين المشرق والمغرب حتى نهاية القرن الخامس للهجرة = (Record no. 11824)

MARC details
000 -LEADER
fixed length control field 02536cam a2200325 i 4500
003 - CONTROL NUMBER IDENTIFIER
control field Ost
005 - DATE AND TIME OF LATEST TRANSACTION
control field 20250916125923.0
008 - FIXED-LENGTH DATA ELEMENTS--GENERAL INFORMATION
fixed length control field 250913s1995 ti g 101 0 ara c
024 0# - OTHER STANDARD IDENTIFIER
Standard number or code 00000000972773
040 ## - CATALOGING SOURCE
Original cataloging agency AE-DuMBRL
Language of cataloging ara
Transcribing agency SA-RiAUC
Description conventions rda
050 #4 - LIBRARY OF CONGRESS CALL NUMBER
Item number .M85 1995
082 04 - DEWEY DECIMAL CLASSIFICATION NUMBER
Classification number 258.2
Assigning agency SA-RiAUC
090 ## - LOCALLY ASSIGNED LC-TYPE CALL NUMBER (OCLC); LOCAL CALL NUMBER (RLIN)
Classification number (OCLC) (R) ; Classification number, CALL (RLIN) (NR) 258.2
Local cutter number (OCLC) ; Book number/undivided call number, CALL (RLIN) م ل ت
111 2# - MAIN ENTRY--MEETING NAME
Meeting name or jurisdiction name as entry element ملتقى القيروان مركز علمي مالكي بين المشرق والمغرب حتى نهاية القرن الخامس للهجرة
Date of meeting or treaty signing (1994 :
Location of meeting القيروان، تونس)
245 10 - TITLE STATEMENT
Title محاضرات ملتقى القيروان مركز علمي مالكي بين المشرق والمغرب حتى نهاية القرن الخامس للهجرة =
Remainder of title Conferences du seminaire Kairouan 6-5-4 : ذو القعدة 1414 ھ/17-16-15 افريل 1994 م.
246 31 - VARYING FORM OF TITLE
Title proper/short title Conferences du seminaire Kairouan
250 ## - EDITION STATEMENT
Edition statement الطبعة الأولى.
264 #1 - PRODUCTION, PUBLICATION, DISTRIBUTION, MANUFACTURE, AND COPYRIGHT NOTICE
Place of production, publication, distribution, manufacture القيروان، [تونس] :
Name of producer, publisher, distributor, manufacturer مركز الدراسات الإسلامية،
Date of production, publication, distribution, manufacture, or copyright notice 1995.
300 ## - PHYSICAL DESCRIPTION
Extent 492 صفحة ؛
Dimensions 24 × 17 سم.
336 ## - CONTENT TYPE
Content type term نص
Content type code txt
Source rdacontent
Materials specified كتاب
337 ## - MEDIA TYPE
Media type term بدون وسيط
Media type code n
Source rdamedia
338 ## - CARRIER TYPE
Carrier type term مجلد
Carrier type code nc
Source rdacarrier
490 0# - SERIES STATEMENT
Series statement سلسلة الملتقيات
500 ## - GENERAL NOTE
General note يشتمل على كشاف.
520 ## - SUMMARY, ETC.
Summary, etc. يتناول كتاب (محاضرات "ملتقى القيروان مركز علمي مسالكي بين المشرق والمغرب حتى نهاية القرن الخامس للهجرة") والذي قام بتأليفه مركز الدراسات الإسلامية بالقيروان، موضوع (الخشوع في الصلاة) الكتاب يتضمن محاضرات ملتقى القيروان الذي أقيم بتونس في الفترة من 15-17 أبريل عام 1994م، وهي محاضرات لسلة من أصحاب الفضيلة العلماء الأجلاء، الذين قدموا من بلاد شقيقة وصديقة إلى هذا الملتقى، ليسهموا ببحوثهم القيمة ودراساتهم المتميزة، في تجلية مزايا القيروان، وليبرزوا دورها في خدمة الفقه الإسلامي عامة، والفقه المالكي حتى نهاية القرن الخامس للهجرة خاصة.
650 #7 - SUBJECT ADDED ENTRY--TOPICAL TERM
Topical term or geographic name entry element الفقه المالكي
Form subdivision مؤتمرات
Source of heading or term aucsh
942 ## - ADDED ENTRY ELEMENTS (KOHA)
Source of classification or shelving scheme Dewey Decimal Classification
Koha item type Books
Suppress in OPAC No
949 ## - LOCAL PROCESSING INFORMATION (OCLC)
a SA-JeALM
d 250913
u mohamedma123
n 1
Holdings
Withdrawn status Lost status Source of classification or shelving scheme Damaged status Not for loan Home library Current library Date acquired Total checkouts Full call number Barcode Date last seen Price effective from Koha item type
    Dewey Decimal Classification     DR AbdElwahab Library DR AbdElwahab Library 09/16/2025   258.2 م ل ت 000019046 09/16/2025 09/16/2025 Books